000 00694nam a2200217 4500
003 OSt
005 20240619020119.0
006 a
008 240619b |||||||| |||| 00| 0 eng d
020 _a9789715849227
040 _aDWCL-HMN lib.
_cOC
082 _aCirc. 610.73 C933q 2009
100 _aCristobal, Maura Consolacion De la Cruz
245 _aGuidebook in research writing : preparing the nursing thesis proposal /
260 _aQuezon City :
_bC & e pub. , Inc. ,
_cc2009.
300 _avii,
_b159p. :
_c26cm.
504 _aIncludes bibliographical references.
650 _a1. Nursing-Research-Guidebooks.
650 _a2. Nursing–Research.
942 _2ddc
_n0
_cBK-CIRC
_kCirc.
999 _c864
_d864